| 000 | nam a22 7a 4500 | ||
|---|---|---|---|
| 999 |
_c23195 _d23195 |
||
| 008 | 170125b xxu||||| |||| 00| 0 eng d | ||
| 020 | _a9780132773799 | ||
| 050 |
_aHD2326 _b.W349 2013 |
||
| 100 | _aWaldman,Don E. | ||
| 245 |
_aIndustrial Organisation : _bTheory and Practice/ _cDon E. Waldman,Elizabeth J.Jensen |
||
| 250 | _a4th ed. | ||
| 260 |
_aBoston : _bPearson , _cc2013 |
||
| 300 |
_axxv,731p. : _bill. ; _c24cm. |
||
| 500 | _aincludes index. | ||
| 700 | _aJensen,Elizabeth J. | ||
| 942 |
_2lcc _cBOOKS _hHD2326 .W349 2013 |
||